Business Analytics Data Analysis and Decision Making (Record no. 12678)

MARC details
000 -LEADER
fixed length control field 00432nam a22001697a 4500
003 - CONTROL NUMBER IDENTIFIER
control field OSt
008 - FIXED-LENGTH DATA ELEMENTS--GENERAL INFORMATION
fixed length control field 240509b |||||||| |||| 00| 0 eng d
020 ## - INTERNATIONAL STANDARD BOOK NUMBER
International Standard Book Number 9789355734198
082 ## - DEWEY DECIMAL CLASSIFICATION NUMBER
Classification number 658.4038011 ALB
100 ## - MAIN ENTRY--PERSONAL NAME
Personal name CHRISTIAN ALBRIGHT,S
245 ## - TITLE STATEMENT
Title Business Analytics Data Analysis and Decision Making
250 ## - EDITION STATEMENT
Edition statement 7th Ed
260 ## - PUBLICATION, DISTRIBUTION, ETC. (IMPRINT)
Place of publication, distribution, etc New Delhi
Name of publisher, distributor, etc Cengage
Date of publication, distribution, etc 2023
300 ## - PHYSICAL DESCRIPTION
Extent 882
700 ## - ADDED ENTRY--PERSONAL NAME
Personal name WINSTON,Wayne L
942 ## - ADDED ENTRY ELEMENTS (KOHA)
Source of classification or shelving scheme Dewey Decimal Classification
Koha item type Text Books
Holdings
Withdrawn status Lost status Source of classification or shelving scheme Damaged status Not for loan Collection code Home library Current library Date acquired Source of acquisition Currency Cost, normal purchase price Bill Number Total Checkouts Full call number Acc. no. / Barcode Date last seen Actual Cost, discounted price Bill Date Koha item type
    Dewey Decimal Classification     BBA PIET C-LIBRARY PIET C-LIBRARY 23/03/2024 Zafaa Books and Distributors In rupees 1199.00 ZBD0471   658.4032 CHB 36053 09/05/2024 863.28 23/03/2024 Text Books
    Dewey Decimal Classification     BBA PIET C-LIBRARY PIET C-LIBRARY 23/03/2024 Zafaa Books and Distributors In rupees 1199.00 ZBD0471   658.4032 CHB 36054 09/05/2024 863.28 23/03/2024 Text Books
    Dewey Decimal Classification     BBA PIET C-LIBRARY PIET C-LIBRARY 23/03/2024 Zafaa Books and Distributors In rupees 1199.00 ZBD0471   658.4032 CHB 36055 09/05/2024 863.28 23/03/2024 Text Books
    Dewey Decimal Classification     BBA PIET C-LIBRARY PIET C-LIBRARY 23/03/2024 Zafaa Books and Distributors In rupees 1199.00 ZBD0471   658.4032 CHB 36056 09/05/2024 863.28 23/03/2024 Text Books
    Dewey Decimal Classification     BBA PIET C-LIBRARY PIET C-LIBRARY 23/03/2024 Zafaa Books and Distributors In rupees 1199.00 ZBD0471   658.4032 CHB 36057 09/05/2024 863.28 23/03/2024 Text Books
    Dewey Decimal Classification     BBA PIET C-LIBRARY PIET C-LIBRARY 23/03/2024 Zafaa Books and Distributors In rupees 1199.00 ZBD0471   658.4032 CHB 36058 09/05/2024 863.28 23/03/2024 Text Books
    Dewey Decimal Classification     BBA PIET C-LIBRARY PIET C-LIBRARY 23/03/2024 Zafaa Books and Distributors In rupees 1199.00 ZBD0471   658.4032 CHB 36059 09/05/2024 863.28 23/03/2024 Text Books
    Dewey Decimal Classification     BBA PIET C-LIBRARY PIET C-LIBRARY 23/03/2024 Zafaa Books and Distributors In rupees 1199.00 ZBD0471   658.4032 CHB 36060 09/05/2024 863.28 23/03/2024 Text Books
    Dewey Decimal Classification     BBA PIET C-LIBRARY PIET C-LIBRARY 23/03/2024 Zafaa Books and Distributors In rupees 1199.00 ZBD0471   658.4032 CHB 36061 09/05/2024 863.28 23/03/2024 Text Books
    Dewey Decimal Classification     BBA PIET C-LIBRARY PIET C-LIBRARY 23/03/2024 Zafaa Books and Distributors In rupees 1199.00 ZBD0471   658.4032 CHB 36062 09/05/2024 863.28 23/03/2024 Text Books

Design & Developed by: PIET Central Library
R70 Miles Stone Pattikalyana Samalkha Panipat 132102
mail ID :- [email protected], Phone No:- 0180-2569700 Ex.216